000 00475nam a2200157 i 4500
001 85855
003 ES-MaACL
005 20230906175325.0
007 t|
008 041202s1940 gw ||||1| ger d
100 1 _aKaergel, Hans Christoph.
_967395
245 1 4 _aDie Berge Warten
_b: erzahlung aus den Greuzland /
_cHans Christoph Kaergel.
260 _aJena :
_bDiederich,
_c[1940] (
_fDruck des Spamer)
300 _a77 p. ;
_c18 cm.
852 _aES-MaACL
_jF-15421
_bR.19111
999 _c85855
_d85855